Project management : a systems approach to planning, scheduling, and controlling /

Gardado en:
Detalles Bibliográficos
Autor Principal: Kerzner, Harold.
Formato: Libro
Idioma:English
Publicado: New York : John Wiley and Sons, 1998.
Edición:6th ed.
Những chủ đề:
Các nhãn: Engadir etiqueta
Sen Etiquetas, Sexa o primeiro en etiquetar este rexistro!
Thư viện lưu trữ: Mạng thư viện Đại học Đà Nẵng
LEADER 01222cam a2200361 i 4500
001 000046322
003 5784
005 20180115144104.0
008 010220b1998 vm 000 eng
020 |a 0471288357 
040 |a LRCC  |c LRCC  |d LRCC 
041 0 |a eng 
082 1 4 |a 658.404  |b KE-H 
100 1 |a Kerzner, Harold. 
245 0 0 |a Project management :  |b a systems approach to planning, scheduling, and controlling /  |c Harold Kerzner. 
250 |a 6th ed. 
260 |a New York :  |b John Wiley and Sons,  |c 1998. 
300 |a xx, 1180p. :  |b ill. 
630 0 4 |a Industrial project management. 
650 0 4 |a Industrial project management. 
650 0 4 |a Industrial project management  |x Problems, exercises, etc. 
OWN |a DUT 
AVA |a UDN50  |b DUT  |c Book  |d 658.404 KE-H  |e available  |t Error 5001 Not defined in file expand_doc_bib_avail.  |f 1  |g 0  |h N  |i 0  |j SH  |k 1 
999 |a From the UDN01 
AVA |a UDN50  |b DUT  |c Book  |d 658.404 KE-H  |e available  |t Error 5001 Not defined in file expand_doc_bib_avail.  |f 1  |g 0  |h N  |i 0  |j SH  |k 1 
TYP |a Monograph 
TYP |a Printed language 
980 |a Mạng thư viện Đại học Đà Nẵng